01389nam a22003737a 4500001001000000003000900010005001700019007000300036008003400039040005400073041001500127072001300142090001800155110014200173111011600315245009600431260004000527300001100567500002500578650001400603650002400617650002800641650002100669650001200690650003500702650002500737650001200762650001400774650001700788909003600805942000700841999001700848952015000865BR0804774BR-BrBNA20230928102647.0ta230509b bl.||||| |||| 00| 0 por d aBR-BrBNAbporcBiblioteca Nacional de Agricultura a(Eng, Por) aL01; L02  L01 BR08047741 aPontifícia Universidade católica do Rio Grande do Sul, Porto Alegre (Brasil). Faculdade de Zootecnia, Veterinária e Agronomia978441 a1. Congresso Internacional6. Congresso Nacional14. Congresso estadualcPorto Alegre, RS (Brazil)d1-15 May 19961 aZootecnia: anais; 1. Congresso Internacional; 6. Congresso Nacional; 14. Congresso estadual3 aPorto Alegre, RS (Brasil): c1996.  a230 p. aSeveral bibliography aZOOTECNIA aNUTRIÇÃO ANIMAL aEXIGÊNCIA NUTRICIONAL aPROTEÍNA BRUTA aMERCADO aMELHORAMENTO GENÉTICO ANIMAL aCULTURA DE EMBRIÃO aSILAGEM aQUALIDADE aCONFINAMENTO a202309bLuciac55dLucia Elande cBK c71914d71914 002AGRIS40708AGROBASEa41918b41918l0o L01 BR0804774pL01 BR0804774r2023-09-25t01yBK10d2023-09-25ePortaria Interministerial nº 164/94